000 00340nam a2200133Ia 4500
008 191014s9999 xx 000 0 und d
020 _aLC 66-12700
082 _a512.2
_bHER
100 _aRobert Hermann
_920427
245 0 _aLie Groups for Physicists
260 _aNew York
_bW.A.Benjamin Inc.
_c1966
300 _aVii,193
942 _cBK
999 _c531009
_d531009